000 00785nam a22002537a 4500
005 20170123162327.0
010 _a189007
020 _c6.00
035 _a189007
037 _bCen Lib/Ret
040 _aDPL
_bUR
082 _a841
_bغ ا ل
100 _aخورشید الاسلام
_9139298
245 _aغالب :
_cخورشید الاسلام
_bابتدایی اردو /
246 _aGhalib : ibtadayi urdu /
_bby Khursheed Alasalam
260 _aعلیگڑھ
_bانجمن ترقی اردو ہند
_c1960
270 _bعلیگڑھ
300 _a284p.
_c21cm(Hb)
650 _aادب --اردو
_9139299
650 _aاردو نظم
_9139300
650 _aLiterature -- Urdu
_9139301
650 _aUrdu poetry
_9139302
942 _2ddc
_cUR
_hن
_mغ ا ل
999 _c107529
_d107529